| 000 | 00945cam a2200289 a 4500 | ||
|---|---|---|---|
| 999 |
_c57590 _d57590 |
||
| 001 | 17175520 | ||
| 005 | 20221107123630.0 | ||
| 008 | 120217s2013 nyua b 001 0 eng | ||
| 010 | _a 2012007118 | ||
| 020 | _a9780071624978 (softcover : alk. paper) X | ||
| 020 | _a007162497X (MHID) | ||
| 035 | _a(DNLM)101578464 | ||
| 041 | _aeng | ||
| 080 | _a616.6 S-68 | ||
| 245 | 0 | 0 |
_aSmith and Tanagho's general urology / _beditors, Jack W. McAninch, Thomas F. Lue. |
| 246 | 1 | _aGeneral urology | |
| 250 | _a18th ed. | ||
| 260 |
_aNew York : _bMcGraw-Hill Professional, _cc2013. |
||
| 300 |
_ax, 758 p. : _bill. ; _c24 cm. |
||
| 650 | 1 | 2 |
_aUrologic Diseases. _99145 |
| 653 | _aმედიცინა | ||
| 653 | _aუროლოგია | ||
| 700 | 1 |
_aMcAninch, Jack W. _eრედაქტორი _99146 |
|
| 700 | 1 |
_aLue, Tom F. _eრედაქტორი _99147 |
|
| 730 | 0 |
_aSmith's general urology. _99148 |
|
| 942 |
_2udc _cBK |
||